| 000 | 00447nam a22001577a 4500 | ||
|---|---|---|---|
| 999 |
_c531876 _d531876 |
||
| 003 | NUST | ||
| 005 | 20191030094347.0 | ||
| 038 | _aMSOHAIL | ||
| 082 | _a388.1072 | ||
| 100 |
_a J.B.Odoki _925007 |
||
| 245 |
_aHighway Development and Management Model (HDM-4): _bCalibration and adoption for low-volume roads in local conditions |
||
| 250 |
_aVol-1 _bVol-1 |
||
| 260 |
_aWashington _bPIARC _c2000 |
||
| 300 |
_ap;46; _b21cm _eH.B. |
||
| 942 |
_2ddc _cBK |
||